<?xml version="1.0" encoding="UTF-8"?>
<record
    xmlns:xsi="http://www.w3.org/2001/XMLSchema-instance"
    xsi:schemaLocation="http://www.loc.gov/MARC21/slim http://www.loc.gov/standards/marcxml/schema/MARC21slim.xsd"
    xmlns="http://www.loc.gov/MARC21/slim">

  <leader>01153nam a22002417a 4500</leader>
  <controlfield tag="005">20100811153941.0</controlfield>
  <datafield tag="010" ind1=" " ind2=" ">
    <subfield code="a">HIN-90305</subfield>
  </datafield>
  <datafield tag="020" ind1=" " ind2=" ">
    <subfield code="c">150.00</subfield>
    <subfield code="a">9788190553834</subfield>
  </datafield>
  <datafield tag="035" ind1=" " ind2=" ">
    <subfield code="a">HN-62651</subfield>
  </datafield>
  <datafield tag="037" ind1=" " ind2=" ">
    <subfield code="b">DBAD / PUB</subfield>
  </datafield>
  <datafield tag="082" ind1=" " ind2=" ">
    <subfield code="a">910</subfield>
  </datafield>
  <datafield tag="100" ind1=" " ind2=" ">
    <subfield code="a">&#x924;&#x93F;&#x935;&#x93E;&#x930;&#x940;, &#x915;&#x943;&#x937;&#x94D;&#x923;&#x91A;&#x928;&#x94D;&#x926;&#x94D;&#x930; '&#x930;&#x93E;&#x937;&#x94D;&#x91F;&#x94D;&#x930;&#x92C;&#x928;&#x94D;&#x927;&#x941;'</subfield>
    <subfield code="9">11240</subfield>
  </datafield>
  <datafield tag="245" ind1=" " ind2=" ">
    <subfield code="a">&#x91B;&#x924;&#x94D;&#x924;&#x940;&#x938;&#x917;&#x922;&#x93C;:</subfield>
    <subfield code="c">&#x915;&#x943;&#x937;&#x94D;&#x923;&#x91A;&#x928;&#x94D;&#x926;&#x94D;&#x930; &#x924;&#x93F;&#x935;&#x93E;&#x930;&#x940; '&#x930;&#x93E;&#x937;&#x94D;&#x91F;&#x94D;&#x930;&#x92C;&#x928;&#x94D;&#x927;&#x941;'</subfield>
    <subfield code="b">&#x90F;&#x915; &#x927;&#x930;&#x94B;&#x939;&#x930; /</subfield>
  </datafield>
  <datafield tag="246" ind1=" " ind2=" ">
    <subfield code="a">Chhatisgarh</subfield>
    <subfield code="b">by Krishnachandra Tiwari 'Rashtrabandhu'</subfield>
  </datafield>
  <datafield tag="260" ind1=" " ind2=" ">
    <subfield code="a">&#x907;&#x932;&#x93E;&#x939;&#x93E;&#x92C;&#x93E;&#x926; (&#x909;.&#x92A;&#x94D;&#x930;.)</subfield>
    <subfield code="b">&#x930;&#x93E;&#x92E;&#x947;&#x936;&#x94D;&#x935;&#x930; &#x92A;&#x94D;&#x930;&#x915;&#x93E;&#x936;&#x928; </subfield>
    <subfield code="c">2009</subfield>
  </datafield>
  <datafield tag="270" ind1=" " ind2=" ">
    <subfield code="a">49&#x92C;&#x940;/37, &#x928;&#x94D;&#x92F;&#x93E;&#x92F; &#x92E;&#x93E;&#x930;&#x94D;&#x917;</subfield>
    <subfield code="b">&#x907;&#x932;&#x93E;&#x939;&#x93E;&#x92C;&#x93E;&#x926; (&#x909;.&#x92A;&#x94D;&#x930;.)</subfield>
  </datafield>
  <datafield tag="300" ind1=" " ind2=" ">
    <subfield code="a">104&#x92A;&#x943;</subfield>
    <subfield code="c">22&#x938;&#x947;&#x92E;&#x940; (&#x938;&#x91C;&#x93F;&#x932;&#x94D;&#x926;)</subfield>
    <subfield code="b">&#x938;&#x91A;&#x93F;&#x924;&#x94D;&#x930;</subfield>
  </datafield>
  <datafield tag="700" ind1=" " ind2=" ">
    <subfield code="9">7228</subfield>
  </datafield>
  <datafield tag="700" ind1=" " ind2=" ">
    <subfield code="9">7267</subfield>
  </datafield>
  <datafield tag="700" ind1=" " ind2=" ">
    <subfield code="9">7698</subfield>
  </datafield>
  <datafield tag="942" ind1=" " ind2=" ">
    <subfield code="a">dpl</subfield>
    <subfield code="c">HN</subfield>
    <subfield code="k"> </subfield>
    <subfield code="2">ddc</subfield>
    <subfield code="m">&#x924;&#x93F;&#x935;&#x93E;&#x930;&#x940;</subfield>
    <subfield code="h">910</subfield>
  </datafield>
  <datafield tag="999" ind1=" " ind2=" ">
    <subfield code="c">41119</subfield>
    <subfield code="d">41119</subfield>
  </datafield>
  <datafield tag="952" ind1=" " ind2=" ">
    <subfield code="0">0</subfield>
    <subfield code="1">0</subfield>
    <subfield code="4">0</subfield>
    <subfield code="7">1</subfield>
    <subfield code="8">NFIC</subfield>
    <subfield code="a">DBAD</subfield>
    <subfield code="b">DBAD</subfield>
    <subfield code="d">2010-08-11</subfield>
    <subfield code="e">DBAD / PUB</subfield>
    <subfield code="g">150.00</subfield>
    <subfield code="l">0</subfield>
    <subfield code="o">910 &#x924;&#x93F;&#x935;&#x93E;&#x930;&#x940;</subfield>
    <subfield code="p">HN-62651</subfield>
    <subfield code="r">2010-08-11 00:00:00</subfield>
    <subfield code="t">1</subfield>
    <subfield code="v">150.00</subfield>
    <subfield code="w">2010-08-11</subfield>
    <subfield code="y">HN</subfield>
  </datafield>
</record>
